00606nam a2200169 a 450000500170000000800410001702000180005805000210007610000270009724500680012426000410019230000220023365000230025565000270027899900190030595201120032420140412111239.0010710s19uu xx 00 eng d a1-85830-492-X aM 220bC187 1999 aCampbell-Todd, Deborah aThe story of Moses /cstories re-told by Deborah Campbell-Todd. aLondon :bGrandreams Limited,c1999. a1v. (unp.) ; ill. aBible Stories-O.T. aBible Character, O. T. c102611d102611 00104050aELbELcMd2001-07-10eDonationl0oM 220 C187 1999pE2173r2014-04-12 00:00:00w2014-04-12yBK